Loading...
| History - European | 0 | 3 | 1 | 1 | 25 | 112 | 133.00 | 0 | 0 | 2.78 | 7.14 |
| Science - Other | 0 | 2 | 0 | 0 | 20 | 100 | 124.00 | 0 | 0 | 2.78 | 12.70 |
| Social Science | 0 | 2 | 0 | 1 | 20 | 113 | 125.50 | 0 | 0 | 1.37 | 4.76 |
| History - World | 0 | 2 | 0 | 0 | 20 | 124 | 134.00 | 0 | 2 | 0.72 | 8.57 |
| Short Fiction and Other | 0 | 2 | 0 | 1 | 20 | 120 | 135.00 | 0 | 0 | 3.10 | 6.12 |
| History - Other | 1 | 0 | 0 | 0 | 15 | 68 | 68.00 | 1 | 1 | 8.90 | 16.67 |
| Fine Arts - Classical Music | 0 | 2 | 1 | 0 | 15 | 135 | 142.00 | 0 | 0 | 0.28 | 2.86 |
| Geography | 0 | 3 | 3 | 2 | 15 | 72 | 113.33 | 0 | 1 | 6.65 | 16.07 |
| Science - Chemistry | 0 | 1 | 0 | 0 | 10 | 136 | 136.00 | 0 | 1 | 0.22 | 1.43 |
| Literature - Long Fiction | 0 | 1 | 0 | 1 | 10 | 144 | 144.00 | 0 | 0 | 0.06 | 1.19 |
| Other Academic | 0 | 1 | 0 | 1 | 10 | 154 | 154.00 | 0 | 0 | 0.06 | 1.43 |
| Philosophy | 0 | 1 | 0 | 0 | 10 | 116 | 116.00 | 0 | 0 | 2.16 | 4.29 |
| Literature - Poetry | 0 | 1 | 1 | 1 | 5 | 173 | 173.00 | 0 | 0 | 0.11 | 1.43 |
| Fine Arts - Other | 1 | 0 | 2 | 0 | 5 | 102 | 102.00 | 0 | 1 | 2.22 | 4.76 |
| History - American | 0 | 1 | 1 | 1 | 5 | 135 | 135.00 | 0 | 0 | 0.18 | 3.57 |
| Science - Biology | 0 | 1 | 1 | 0 | 5 | 132 | 132.00 | 0 | 0 | 0.08 | 1.43 |
| Science - Physics | 0 | 1 | 1 | 0 | 5 | 131 | 131.00 | 0 | 0 | 0.08 | 2.86 |
| Literature - Drama | 0 | 0 | 0 | 0 | 0 | 0.00 | 0 | 0 | 0.00 | 0.00 | |
| Mythology | 0 | 0 | 1 | 0 | -5 | 0.00 | 0 | 0 | 0.00 | 0.00 | |
| Current Events | 0 | 0 | 1 | 0 | -5 | 0.00 | 0 | 0 | 0.00 | 0.00 | |
| Fine Arts - Painting and Sculpture | 0 | 0 | 1 | 0 | -5 | 0.00 | 0 | 0 | 0.00 | 0.00 | |
| Religion | 0 | 0 | 1 | 0 | -5 | 0.00 | 0 | 0 | 0.00 | 0.00 |